| Morse | Frase | % Correcto |
|---|---|---|
| ••••— — — •—•• •— | Hola | 100%
|
| •——•• •• — — — ••• | Adiós | 73%
|
| — • •— — — — — — | Te amo | 55%
|
| — —••—• •— —•—• •• •— ••• | Gracias | 45%
|
| •••• — — — — —•— — —••• •• • —• | Estoy Bien | 27%
|
| —•— —— — — ••• — — — —•—— | Yo Soy | 23%
|